1945 1875 1552 1152 1094 1465 1883 1258 1295 1287 1874 1583 1493 1297 1730 1074 1807 1290 1274 1796 1495 1406 1296 1954 1706 1372 1259 1234 1810 1800 1409 1215 1823 1575 1949 1466 1631 1821 1537 1520 1015 1822 1847 1027 1588 1197 1701 1212 1918 1621 1158 1309 1959 1717 1905 1738 1128 1195 1615 1631 1049 1199 1240 1273 1199 1024 1980 1146 1465 1434 1099 1290 1731 1202 1707 1549 1662 1506 1159 1060 1672 1716 1418 1590 1726 1252 1195 1052 1027 1273 1088 1490 1570 1652 1775 1088 1797 1098 1667 BCNSPRNW ULIB Ver.6.0+V

เปลี่ยนเป็นภาษาไทย

Change to English
 แสดงรายละเอียดบรรณานุกรม
  กลับหน้าหลัก

Brief Record : Get Marc (ISO 2709) : E-mail record : QR code < ปิดหน้าต่าง
LEADER : 00000nam 2200000uu 4500
001    13399126176
003     ULIB
008    180629s2555||||th 000 0 tha d
020    ^a9786167742014
040    ^absi
060 04 ^aW62^bส713ท
100 0  ^aสำลี ใจดี
245 00 ^aทักษะการสื่อสารกับผู้ป่วย /^cบรรณาธิการ,สำลี ใจดี
250    ^aพิมพ์ครั้งที่ 1
260    ^aกรุงเทพฯ :^bมูลนิธิเพื่อเด็กพิการ,^c2555
300    ^a60 หน้า :^bภาพประกอบ ;^c26 ซม.
500    ^aทักษะการสื่อสารกับผู้ป่วย (การปฏิบัติต่อผู้ป่วย)เป็นตำราพื้นฐานในการเรียนหลักสูตรการประกอบโรคศิลปะสาขาการแพทย์แผนไทย ประเภทการนวดไทย (หมอนวดไทย)ตามพระราชบัญญัติการประกอบโรคศิลปะ พ.ศ. 2542
650  4 ^aการสื่อสารกับผู้ป่วย
650  4 ^aการสื่อสารทางการแพทย์
650  4 ^aการแพทย์แผนไทย
710 2  ^aมูลนิธิเพื่อเด็กพิการ
710 2  ^aมูลนิธิสาธารณสุขกับการพัฒนา
710 2  ^aมูลนิธิพัฒนาการแพทย์แผนไทย
945    ^p400^l0^i26313
945    ^p400^l0^i26314
945    ^p400^l0^i26315
945    ^p400^l0^i26316
945    ^p400^l0^i26317
945    ^p400^l0^i26318
945    ^p400^l0^i26319
945    ^p400^l0^i26320
945    ^p400^l0^i26321
945    ^p400^l0^i26322
945    ^p400^l0^i26323
945    ^p400^l0^i26324
945    ^p400^l0^i26325
945    ^p400^l0^i26326
945    ^p400^l0^i26327
999    ^aกัณชพร จุลอักษร
รายการนี้ยังไม่มีแท็ก
คุณยังไม่ได้ล็อกอิน คุณสามารถมีกิจกรรมร่วมกับเว็บไซต์ได้ แต่ต้องล็อกอินก่อน ::
  ล็อกอิน

รายการสื่อสารสนเทศ

ลำดับที่ ประเภท เลขเรียก/บาร์โค้ด สถานที่ สถานะ
1. วิทยาศาสตร์การแพทย์ และสุขภาพ
วิทยาศาสตร์การแพทย์ และสุขภาพ
สถานะ=หนังสือเก่า
W62 ส713ท ฉ.1 
  Barcode: 26313
ห้องสมุดวิทยาเขตนครสวรรค์
►ส่วนจัดเก็บหนังสือเก่า นว.
บนชั้น
  ขอยืม
2. วิทยาศาสตร์การแพทย์ และสุขภาพ
วิทยาศาสตร์การแพทย์ และสุขภาพ
สถานะ=หนังสือเก่า
W62 ส713ท ฉ.10 
  Barcode: 26322
ห้องสมุดวิทยาเขตนครสวรรค์
►ส่วนจัดเก็บหนังสือเก่า นว.
บนชั้น
  ขอยืม
3. วิทยาศาสตร์การแพทย์ และสุขภาพ
วิทยาศาสตร์การแพทย์ และสุขภาพ
สถานะ=หนังสือเก่า
W62 ส713ท ฉ.11 
  Barcode: 26323
ห้องสมุดวิทยาเขตนครสวรรค์
►ส่วนจัดเก็บหนังสือเก่า นว.
บนชั้น
  ขอยืม
4. วิทยาศาสตร์การแพทย์ และสุขภาพ
วิทยาศาสตร์การแพทย์ และสุขภาพ
สถานะ=หนังสือเก่า
W62 ส713ท ฉ.12 
  Barcode: 26324
ห้องสมุดวิทยาเขตนครสวรรค์
►ส่วนจัดเก็บหนังสือเก่า นว.
บนชั้น
  ขอยืม
5. วิทยาศาสตร์การแพทย์ และสุขภาพ
วิทยาศาสตร์การแพทย์ และสุขภาพ
สถานะ=หนังสือเก่า
W62 ส713ท ฉ.13 
  Barcode: 26325
ห้องสมุดวิทยาเขตนครสวรรค์
►ส่วนจัดเก็บหนังสือเก่า นว.
บนชั้น
  ขอยืม
6. วิทยาศาสตร์การแพทย์ และสุขภาพ
วิทยาศาสตร์การแพทย์ และสุขภาพ
สถานะ=หนังสือเก่า
W62 ส713ท ฉ.14 
  Barcode: 26326
ห้องสมุดวิทยาเขตนครสวรรค์
►ส่วนจัดเก็บหนังสือเก่า นว.
บนชั้น
  ขอยืม
7. วิทยาศาสตร์การแพทย์ และสุขภาพ
วิทยาศาสตร์การแพทย์ และสุขภาพ
สถานะ=หนังสือเก่า
W62 ส713ท ฉ.15 
  Barcode: 26327
ห้องสมุดวิทยาเขตนครสวรรค์
►ส่วนจัดเก็บหนังสือเก่า นว.
บนชั้น
  ขอยืม
8. วิทยาศาสตร์การแพทย์ และสุขภาพ
วิทยาศาสตร์การแพทย์ และสุขภาพ
สถานะ=หนังสือเก่า
W62 ส713ท ฉ.2 
  Barcode: 26314
ห้องสมุดวิทยาเขตนครสวรรค์
►ส่วนจัดเก็บหนังสือเก่า นว.
บนชั้น
  ขอยืม
9. วิทยาศาสตร์การแพทย์ และสุขภาพ
วิทยาศาสตร์การแพทย์ และสุขภาพ
สถานะ=หนังสือเก่า
W62 ส713ท ฉ.3 
  Barcode: 26315
ห้องสมุดวิทยาเขตนครสวรรค์
►ส่วนจัดเก็บหนังสือเก่า นว.
บนชั้น
  ขอยืม
10. วิทยาศาสตร์การแพทย์ และสุขภาพ
วิทยาศาสตร์การแพทย์ และสุขภาพ
สถานะ=หนังสือเก่า
W62 ส713ท ฉ.4 
  Barcode: 26316
ห้องสมุดวิทยาเขตนครสวรรค์
►ส่วนจัดเก็บหนังสือเก่า นว.
บนชั้น
  ขอยืม
11. วิทยาศาสตร์การแพทย์ และสุขภาพ
วิทยาศาสตร์การแพทย์ และสุขภาพ
สถานะ=หนังสือเก่า
W62 ส713ท ฉ.5 
  Barcode: 26317
ห้องสมุดวิทยาเขตนครสวรรค์
►ส่วนจัดเก็บหนังสือเก่า นว.
บนชั้น
  ขอยืม
12. วิทยาศาสตร์การแพทย์ และสุขภาพ
วิทยาศาสตร์การแพทย์ และสุขภาพ
สถานะ=หนังสือเก่า
W62 ส713ท ฉ.6 
  Barcode: 26318
ห้องสมุดวิทยาเขตนครสวรรค์
►ส่วนจัดเก็บหนังสือเก่า นว.
บนชั้น
  ขอยืม
13. วิทยาศาสตร์การแพทย์ และสุขภาพ
วิทยาศาสตร์การแพทย์ และสุขภาพ
สถานะ=หนังสือเก่า
W62 ส713ท ฉ.7 
  Barcode: 26319
ห้องสมุดวิทยาเขตนครสวรรค์
►ส่วนจัดเก็บหนังสือเก่า นว.
บนชั้น
  ขอยืม
14. วิทยาศาสตร์การแพทย์ และสุขภาพ
วิทยาศาสตร์การแพทย์ และสุขภาพ
สถานะ=หนังสือเก่า
W62 ส713ท ฉ.8 
  Barcode: 26320
ห้องสมุดวิทยาเขตนครสวรรค์
►ส่วนจัดเก็บหนังสือเก่า นว.
บนชั้น
  ขอยืม
15. วิทยาศาสตร์การแพทย์ และสุขภาพ
วิทยาศาสตร์การแพทย์ และสุขภาพ
สถานะ=หนังสือเก่า
W62 ส713ท ฉ.9 
  Barcode: 26321
ห้องสมุดวิทยาเขตนครสวรรค์
►ส่วนจัดเก็บหนังสือเก่า นว.
บนชั้น
  ขอยืม

รายการใกล้เคียง
    ผู้แต่ง [สำลี ใจดี]

    หัวเรื่อง [การสื่อสารกับผู้ป่วย]
    หัวเรื่อง [การสื่อสารทางการแพทย์]
    หัวเรื่อง [การแพทย์แผนไทย]

BibComment


ยังไม่เคยถูกคอมเมนท์

คอมเมนท์ทรัพยากรรายการนี้
  คอมเมนท์: ทักษะการสื่อสารก..


 Copyright 2026. Bcnsprnw @Library